Schicksale der vergessenen Helden Geschichten der deutschen Antifaschisten aus der ČSR

Podrobná bibliografia
Hlavný autor: Kokošková, Zdeňka, 1963- (Autor)
Ďalší autori: Hendrychová, Jana (Prekladateľ)
Médium: Kniha
Jazyk:nemčina
čeština
Fyzický popis:117 s. faks., ilustr. (niektoré fareb.) 21 cm
Vydavateľské údaje: Praha Nationalarchiv der ČR 2008
ISBN:9788086712680
Vydanie:Ausg. 1.
Predmet:

MARC

LEADER 00000nam a2200000 a 4500
001 vtls009478152
003 SK-MaSNL
005 20260301024628.0
008 240315s2008 xr ha g 000 0 ger
020 |a 9788086712680  |q (brož.) 
040 |a SNK  |b slo  |c SNK  |e AACR2 
041 1 |a ger  |h cze 
043 |a e-xr---  |a e-cs--- 
044 |a xr  |c CZ 
072 7 |a 323  |x Vnútropolitický vývoj, politický život  |2 konspekt 
080 |a (=112.2)  |2 2001 
080 |a 323.25/.26:329.18  |2 2001 
080 |a 323.28  |2 2001 
080 |a 314.151  |2 2001 
080 |a (437)  |2 2001 
080 |a 94(437.3)  |2 2001 
080 |a (0:82-94)  |2 2001 
080 |a (082)  |2 2001 
100 1 |a Kokošková, Zdeňka,  |d 1963-  |4 aut  |9 115770 
245 1 0 |a Schicksale der vergessenen Helden  |b Geschichten der deutschen Antifaschisten aus der ČSR  |c Zdeňka Kokošková und Autorenteam ; [Überseztung Jana Hendrychová] 
246 3 0 |a Geschichten der deutschen Antifaschisten aus der ČSR 
250 |a Ausg. 1. 
260 |a Praha  |b Nationalarchiv der ČR  |c 2008 
300 |a 117 s.  |b faks., ilustr. (niektoré fareb.)  |c 21 cm 
366 |e 300 výt. 
500 |a Preložené z češtiny 
648 7 |a 1938-1945  |2 SNK  |9 268164 
648 7 |a 1945-1948  |2 SNK  |9 281391 
650 0 7 |a Nemci  |2 SNKPH  |9 22551 
650 0 7 |a antifašizmus  |2 SNKPH  |9 4752 
650 0 7 |a protifašistický odboj  |2 SNKPH  |9 4751 
651 7 |a Sudety (Česko)  |x dejiny  |2 SNKPHgeo  |9 67105 
655 7 |a medailóny  |2 SNKPH  |9 294691 
655 7 |a zborníky  |2 SNKPH  |9 70165 
700 1 |a Hendrychová, Jana  |4 trl  |9 319014 
919 |a 978-80-86712-68-0 
999 |c 571496  |d 573426 
952 |a SNK  |b SNK  |y VYP  |7 0  |p 17A0618182  |o snkIC 137558  |i snk2009/6007  |8 2  |g 3.52  |0 0  |1 0  |4 0  |d 2009-02-27  |l 0  |r 2026-02-23 14:18:49  |w 2026-02-23